000 00390nam a2200133 4500
999 _c508088
_d508088
008 190307b ||||| |||| 00| 0 eng d
100 _aChauhan, Rashmi
_93139
245 _aParyaavaran sanrakshan niyamak sanstha: rashtriy harit pradhikaran aik vishlaishan
260 _c2018
300 _ap.210-218.
773 _aLok Prashasan
906 _aEnvironmental protection
942 _2ddc
_cAR